[Event "Julian Mazur Memorial"]
[Site "Wellington Chess Club"]
[Date "2023.07.20"]
[Round "1.2"]
[White "Stoeveken, Ben"]
[Black "Ker, Anthony"]
[Result "0-1"]
[WhiteElo "1711"]
[BlackElo "2399"]

1. d4 Nf6 2. c4 e6 3. Nc3 Bb4 4. Nf3 b6 5. e3 Bb7 6. Bd3 O-O 7. O-O Re8 8. Re1
d5 9. a3 Bxc3 10. bxc3 Nbd7 11. cxd5 exd5 12. c4 c6 13. Bb2 Rc8 14. cxd5 cxd5
15. Qe2 Ne4 16. Rac1 Qe7 17. Bb5 f6 18. Nd2 Nd6 19. Ba4 a6 20. Bb3 b5 21. Qf3
Nb6 22. e4 Ndc4 23. Nxc4 bxc4 24. Bc2 dxe4 25. Qe3 f5 26. a4 Nd5 27. Qh3 Qg5
0-1

[Event "Julian Mazur Memorial"]
[Site "Wellington Chess Club"]
[Date "2023.07.20"]
[Round "1.3"]
[White "Dive, Russell"]
[Black "Ashe, Michael"]
[Result "1-0"]
[WhiteElo "2327"]
[BlackElo "1707"]

1. Nf3 d5 2. c4 c6 3. b3 Bg4 4. Bb2 Nf6 5. e3 e6 6. Be2 Be7 7. h3 Bh5 8. g4 Bg6
9. g5 Nh5 10. Ne5 Bxb1 11. Rxb1 g6 12. Bxh5 gxh5 13. Nxf7 Kxf7 14. Qxh5+ Kg8
15. Qh6 Qf8 16. Qxe6+ Qf7 17. Qxf7+ Kxf7 18. Bxh8 1-0

[Event "Julian Mazur Memorial"]
[Site "Wellington Chess Club"]
[Date "2023.07.20"]
[Round "1.4"]
[White "Hampshire, Thomas"]
[Black "Winter, Ryan"]
[Result "0-1"]
[WhiteElo "1692"]
[BlackElo "2256"]

1. e4 c6 2. d4 d5 3. exd5 cxd5 4. Bd3 Nc6 5. c3 g6 6. Nf3 Bf5 7. O-O Bxd3 8.
Qxd3 Nf6 9. Re1 Bg7 10. Nbd2 O-O 11. Nf1 Rc8 12. Ng3 Ne8 13. Bf4 Nd6 14. Re2
Qd7 15. Ne5 Nxe5 16. Bxe5 Rfe8 17. f4 e6 18. Bxg7 Kxg7 19. Nf1 Qc7 20. Nd2 f5
21. g3 Ne4 22. Nxe4 fxe4 23. Qd1 Qd6 24. Rg2 Rf8 25. h4 b5 26. a3 Rf5 27. Qe2
Qb6 28. Rf1 Rcf8 29. Rgf2 Qb8 30. Qe3 h5 31. Rc2 Qb6 32. Rfc1 Rc8 33. Kf2 Rf7
34. Ke2 Qd6 35. Rf1 a5 36. Qd2 b4 37. axb4 axb4 38. Qc1 Qa6+ 39. Ke1 Qd3 40.
Rg1 bxc3 41. Rxc3 Qxd4 42. Rg2 Rxc3 43. Qxc3 Qxc3+ 44. bxc3 Ra7 45. Rc2 Kf6 46.
Kf2 Kf5 47. Ke3 Ra4 0-1

[Event "Julian Mazur Memorial"]
[Site "Wellington Chess Club"]
[Date "2023.07.20"]
[Round "1.5"]
[White "Archer, Ollie"]
[Black "Brockway, Andrew"]
[Result "1-0"]
[WhiteElo "2158"]
[BlackElo "1675"]

1. d4 d5 2. c4 e6 3. Nc3 Nf6 4. cxd5 exd5 5. Bg5 c6 6. e3 h6 7. Bh4 Be7 8. Bd3
O-O 9. Nge2 Nbd7 10. O-O Re8 11. Qc2 Nf8 12. f3 Nh5 13. Bxe7 Qxe7 14. e4 Nf6
15. e5 N6h7 16. f4 c5 17. Nxd5 Qd8 18. Qxc5 Ne6 19. Qc4 Bd7 20. Ndc3 b5 21. Qb3
Qb6 22. Rad1 Nhf8 23. Kh1 Nc7 24. Be4 Rad8 25. f5 Bc8 26. Nd5 Nxd5 27. Bxd5
Rxd5 28. Qxd5 Bb7 29. Qb3 Qd8 30. Nf4 Qa8 31. e6 fxe6 32. fxe6 Nxe6 33. d5 Nxf4
34. Rxf4 Re2 35. Qxb5 Re5 36. Rb4 Bxd5 37. Qb8+ Qxb8 38. Rxb8+ Kh7 39. Kg1 Bxa2
40. Ra1 Bd5 41. Rb5 a6 42. Rxa6 Re1+ 43. Kf2 Bc4 44. Kxe1 Bxb5 45. Rb6 1-0

[Event "Julian Mazur Memorial"]
[Site "Wellington Chess Club"]
[Date "2023.07.20"]
[Round "1.6"]
[White "Ulm, Joy"]
[Black "Van der Hoorn, Thomas"]
[Result "0-1"]
[WhiteElo "1664"]
[BlackElo "2138"]

1. d4 d5 2. c4 c6 3. cxd5 cxd5 4. Bf4 Nc6 5. Nf3 Qb6 6. Nc3 e6 7. Qb3 Bb4 8. e3
Nf6 9. Bd3 O-O 10. O-O Nh5 11. Bg3 Nxg3 12. hxg3 Bd7 13. Rac1 Bxc3 14. Rxc3
Rfc8 15. Qc2 h6 16. Rc1 Qd8 17. a3 a6 18. b4 Na7 19. Qb3 Bb5 20. Rc5 b6 21.
R5c2 Rxc2 22. Rxc2 Rc8 23. a4 Rxc2 24. Qxc2 Bxd3 25. Qxd3 Qc8 26. b5 axb5 27.
axb5 Qc1+ 28. Kh2 Qb2 29. Nd2 Qxb5 30. Qxb5 Nxb5 31. Kg1 Kf8 32. Kf1 Ke7 33.
Ke2 Kd6 34. Kd3 Kc6 35. Nb3 Nd6 36. f3 Kb5 37. Kc3 Nc4 38. e4 Ne3 39. Kd3 Kb4
40. Nd2 Nc4 41. Nxc4 dxc4+ 42. Kc2 b5 0-1

[Event "Julian Mazur Memorial"]
[Site "Wellington Chess Club"]
[Date "2023.07.20"]
[Round "1.7"]
[White "Timergazi, Layla"]
[Black "Marney, John"]
[Result "1-0"]
[WhiteElo "2137"]
[BlackElo "1658"]

1. d4 d5 2. Nc3 Nf6 3. Bf4 c6 4. e3 e6 5. Bd3 Bd6 6. Nf3 Qc7 7. Bxd6 Qxd6 8.
O-O O-O 9. Ne5 Nbd7 10. f4 b6 11. g4 Rd8 12. g5 Ne8 13. Bxh7+ Kf8 14. Qh5 Nxe5
15. fxe5 Qc7 16. Bg6 f5 17. gxf6 gxf6 18. Qh8+ Ke7 19. Rxf6 Nxf6 20. Qxf6+ Kd7
21. Qf7# 1-0

[Event "Julian Mazur Memorial"]
[Site "Wellington Chess Club"]
[Date "2023.07.20"]
[Round "1.8"]
[White "Sova, Leo"]
[Black "Langford, Josh"]
[Result "0-1"]
[WhiteElo "1645"]
[BlackElo "2137"]

1. e4 c6 2. d4 d5 3. e5 c5 4. c3 Nc6 5. Nf3 cxd4 6. cxd4 Bg4 7. Be2 e6 8. O-O
Nge7 9. Nbd2 Nf5 10. Nb3 Be7 11. h3 Bxf3 12. Bxf3 Qb6 13. Be3 Nxe3 14. fxe3 O-O
15. Rc1 Rac8 16. e4 dxe4 17. Bxe4 Nxe5 18. Rxc8 Rxc8 19. Bxh7+ Kxh7 20. Qh5+
Kg8 21. Qxe5 Bf6 22. Qe4 e5 23. Nc5 Rd8 24. Qxb7 Qxb7 25. Nxb7 Rxd4 26. Nc5 Kf8
27. g3 Ke7 28. Nb3 Rd3 29. Kf2 Kd6 30. Re1 Bd8 31. Re2 Bb6+ 32. Kg2 Kd5 33. Rd2
Ke4 34. Re2+ Re3 35. Kf2 f5 36. Rxe3+ Bxe3+ 37. Ke2 f4 38. gxf4 exf4 39. Na5
f3+ 40. Ke1 Kd3 41. Nc6 Kc2 42. b4 Kb2 43. a4 Kb3 44. a5 Ka4 45. Ne5 f2+ 46.
Kf1 Kxb4 47. h4 Bd4 48. Nc6+ Kc4 49. Nxd4 Kxd4 50. Kxf2 Kc5 51. Ke3 Kb5 52. Kd4
Kxa5 53. Kc5 g6 54. Kd6 Kb5 55. Ke6 a5 56. Kf6 a4 57. Kxg6 a3 58. h5 a2 59. h6
a1=Q 60. Kh7 Qf6 0-1

[Event "Julian Mazur Memorial"]
[Site "Wellington Chess Club"]
[Date "2023.07.20"]
[Round "1.9"]
[White "Cilia Vincenti, David"]
[Black "McConnell, Jack"]
[Result "1-0"]
[WhiteElo "2124"]
[BlackElo "1640"]

1. d4 Nf6 2. c4 c5 3. d5 e6 4. Nc3 exd5 5. cxd5 d6 6. e4 g6 7. Bd3 Bg7 8. h3
O-O 9. Bg5 Re8 10. Nf3 h6 (10... c4 $1 {This would have been a slightly better
continuation than what I chose in the game.} 11. Bc2 (11. Bxc4 Nxe4 12. Bxd8
Nxc3+) 11... b5) 11. Bf4 $2 {11.Be3 is necessary.}  (11. Bh4 $6 g5 12. Bg3 Nxe4
13. Nxe4 f5)  (11. Be3 {Preventing any Nxe4 tactics. White would stand slightly
better.} 11... Nxe4 $6 12. Nxe4 c4 13. Bc2 f5 14. Nc3 f4 15. Bxg6 fxe3 {If
Black tries any tricks to dissolve the centre and win the piece back White will
simply win material.} 16. Bxe8 Qxe8 17. fxe3 Qxe3+ 18. Qe2 Bxc3+ 19. bxc3 Qxc3+
20. Kf2 {Black quickly discovers exactly which king is under attack.} ) 11...
Nxe4 {A simple tactic which gives Black a comfortable position.} 12. Nxe4 f5
13. Nd2 fxe4 14. Bb5 Rf8 $6 {Losing a bit of Black/^s advantage. 14...Bd7 is
simpler and better. Black will develop an important piece and maintain
protection of the e4-pawn.} 15. Be3 a6 16. Be2 Bxb2 17. Bxh6 $5 {Offering a
trade of rooks and bishops, which would leave Black/^s king seriously weak on
the dark squares.} 17... e3 $5 18. Bxe3 $1 {Correctly evaluating that giving up
the exchange is White/^s best option. Everything else leads to mate or more
serious loss of material, and White will have some counterplay with better
development and Black/^s weak king.} 18... Bxa1 19. Qxa1 Nd7 20. O-O Qf6 $6 {
Allowing Ne4 with tempo, which would either give White valuable time to attack
or lose the d-pawn after Qxa1.} 21. Qc1 $6 {Missing an opportunity to get back
into the game.}  (21. Ne4 $1 Qxa1 22. Rxa1 Nf6 23. Nxd6 Nxd5 24. Bxc5 $11)
21... b5 22. Ne4 $6 {Much weaker now than it was with the queen on a1.} 22...
Qe5 23. Ng5 Nb6 24. f4 $2 {Trying to encourage Black to take on d5. However
Black should be much better after the solid Qf6.} 24... Qxd5 $4 {My view of
this at the time was that I could simply return the exchange for a few pawns
and come out material up with White/^s king/^s position weakened as well. This
turned out to be a serious mistake, because I missed White/^s brilliant 26th
move, and now Black is struggling to survive.} 25. Bf3 Qxa2 26. Rd1 $1 {This
move was a big suprise to me, and I suddenly realised my position was
crumbling.}  (26. Bxa8 Nxa8 27. Rd1 {This is the line i was expecting. While my
evaluation of it was still bad, and White is doing well here with a big
advantage, Black/^s position is nowhere near as busted as after 26.Rd1.} )
26... Rd8 $4 {This move fails to hold anything together, and Black/^s position
goes from bad to hopeless.} 27. Bxc5 Rb8 28. Bxb6 Rd7 (28... Rxb6 {Obviously
this move allows White to win the Queen, but even more crushing is Qc7!} ) 29.
Bd5+ 1-0

[Event "Julian Mazur Memorial"]
[Site "Wellington Chess Club"]
[Date "2023.07.20"]
[Round "1.10"]
[White "Qu, Lucas"]
[Black "Young, Cohen"]
[Result "0-1"]
[WhiteElo "1628"]
[BlackElo "2099"]

1. e4 c5 2. d4 cxd4 3. c3 Nf6 4. e5 Nd5 5. cxd4 d6 6. Bc4 Nb6 7. Bb5+ Bd7 8.
Bxd7+ Qxd7 9. Nf3 Nc6 10. O-O e6 11. Nc3 dxe5 12. Nxe5 Qxd4 13. Nxc6 Qxd1 14.
Rxd1 bxc6 15. b3 Be7 16. a3 O-O 17. Bf4 Nd5 18. Nxd5 cxd5 19. b4 Bf6 20. Rab1
e5 21. Bg3 d4 22. f3 Rac8 23. Rb3 Rc2 24. Re1 Re8 25. Bf2 Rec8 26. a4 Ra2 27.
a5 Rcc2 28. Rf1 Bg5 29. f4 Bxf4 30. Rf3 Be3 31. h3 e4 32. Rf5 g6 33. Rf6 Kg7
34. Ra6 Bxf2+ 35. Rxf2 Rxf2 36. Rxa7 Rxg2+ 37. Kf1 Rgb2 0-1

[Event "Julian Mazur Memorial"]
[Site "Wellington Chess Club"]
[Date "2023.07.20"]
[Round "1.11"]
[White "Winsley, Nicholas"]
[Black "Thirkell, Zachary"]
[Result "1-0"]
[WhiteElo "2061"]
[BlackElo "1799"]

1. e4 c6 2. d4 d5 3. Nc3 dxe4 4. Nxe4 Nf6 5. Nxf6+ exf6 6. c3 Bd6 7. Bd3 O-O 8.
Qc2 Re8+ 9. Ne2 h6 10. O-O Nd7 11. Ng3 Nf8 12. Nf5 Bxf5 13. Bxf5 Qc7 14. g3 Re7
15. c4 c5 16. d5 Rae8 17. Bd2 Be5 18. Rfd1 Qd6 19. Rab1 g6 20. Bh3 Kh7 21. b4
b6 22. bxc5 bxc5 23. Be3 f5 24. Qd2 h5 25. Rb5 Rc7 26. Rdb1 Nd7 27. Bf1 h4 28.
f4 Bf6 29. Bf2 hxg3 30. hxg3 Bg7 31. Qa5 Rec8 32. Rb7 Nf6 33. Qxa7 Ne4 34. Be1
g5 35. R1b6 Qd8 36. Rxc7 Rxc7 37. Rb7 Rxb7 38. Qxb7 Qf6 39. Qd7 gxf4 40. gxf4
Qg6+ 41. Bg2 Qh5 42. Qe7 Qe2 43. Qh4+ Kg6 44. Bxe4 Bd4+ 45. Bf2 Qe1+ 46. Kh2
Qxe4 47. d6 Qe6 48. Bxd4 cxd4 49. Qe7 Qxc4 50. d7 Qxa2+ 51. Kh3 Qb3+ 52. Kh4
Qc2 (52... Qd5 $10) 53. Qd6+ Kg7 (53... f6 $10) 54. Qxd4+ f6 55. Qg1+ Kh6 56.
d8=Q Qc7 57. Qh8+ Qh7 58. Qf8+ Qg7 59. Qfxg7# 1-0

[Event "Julian Mazur Memorial"]
[Site "Wellington Chess Club"]
[Date "2023.07.20"]
[Round "1.12"]
[White "Lavender, Ariel"]
[Black "Loke, Kayden"]
[Result "0-1"]
[WhiteElo "1603"]
[BlackElo "2045"]

1. d4 c5 2. d5 e5 3. dxe6 fxe6 4. c4 d5 5. e4 Nf6 6. exd5 exd5 7. Bg5 d4 8. Nf3
Be7 9. Qe2 O-O 10. g3 h6 11. Bf4 Bd6 12. Qd2 Ne4 13. Qc1 Bxf4 14. gxf4 Qa5+ 15.
Nbd2 Rxf4 16. Bg2 Bg4 17. O-O Bxf3 18. Nxf3 Qc7 19. Qc2 Nc6 20. Rae1 Nb4 21.
Qb1 Nf6 22. a3 Nc6 23. Re6 Rf8 24. Rfe1 Ng4 25. h3 Nxf2 26. Kxf2 Rxf3+ 27. Bxf3
Qh2+ 28. Kf1 Rxf3# 0-1

[Event "Julian Mazur Memorial"]
[Site "Wellington Chess Club"]
[Date "2023.07.20"]
[Round "1.13"]
[White "Sellen, Ian"]
[Black "Darr, Samuel"]
[Result "1-0"]
[WhiteElo "2039"]
[BlackElo "1598"]

1. c4 c5 2. Nc3 Nc6 3. g3 g6 4. Bg2 Bg7 5. e3 e6 6. Nge2 Nge7 7. O-O O-O 8. d4
b6 9. d5 Na5 10. dxe6 Rb8 11. exf7+ Rxf7 12. Qd3 Ba6 13. Nb5 d5 14. Nec3 Bxc3
15. Qxc3 Nxc4 16. b3 Bxb5 17. bxc4 Bxc4 18. Bb2 Kf8 19. Rfd1 Qd7 20. Qxc4 Qf5
21. Qe2 Rc8 22. Rac1 c4 23. Ba3 c3 24. Rxd5 Qe6 25. Qd3 Kg8 26. Rd8+ Rf8 27.
Rxf8+ Rxf8 28. Bxe7 Qxe7 29. Bd5+ 1-0

[Event "Julian Mazur Memorial"]
[Site "Wellington Chess Club"]
[Date "2023.07.20"]
[Round "1.14"]
[White "Evans, Oliver"]
[Black "Forster, Bill"]
[Result "0-1"]
[WhiteElo "1571"]
[BlackElo "2016"]

1. e4 c5 2. f4 d5 3. Bb5+ Bd7 4. Bxd7+ Qxd7 5. exd5 Qxd5 6. Qf3 Nf6 7. Qxd5
Nxd5 8. d3 g6 9. c3 Bg7 10. Nf3 Nc6 11. O-O f6 12. Na3 Kf7 13. Nc4 Rhd8 14. Rd1
b5 15. Na3 a6 16. Nc2 e6 17. d4 c4 18. a3 Bf8 19. Nb4 Bxb4 20. axb4 a5 21. bxa5
Rxa5 22. Bd2 Rda8 23. Rxa5 Rxa5 24. g4 Ra2 25. Rb1 Na5 26. f5 exf5 27. gxf5 g5
28. Kf1 Ne7 29. h4 h6 30. hxg5 hxg5 31. Ke2 Nxf5 32. Kd1 Nb3 33. Kc2 Ra1 34.
Rxa1 Nxa1+ 35. Kd1 Nb3 36. Ke1 Ke6 37. Nh2 Ne7 38. Be3 Kf5 39. Nf1 Ke4 40. Bg1
Nd5 41. Nd2+ Nxd2 42. Kxd2 Kf3 43. Bh2 f5 44. Ke1 Kg2 45. Be5 f4 46. Bg7 f3 0-1

[Event "Julian Mazur Memorial"]
[Site "Wellington Chess Club"]
[Date "2023.07.20"]
[Round "1.15"]
[White "Tanoi, Edward"]
[Black "Saglam, Azra Sena"]
[Result "1-0"]
[WhiteElo "1934"]
[BlackElo "1546"]

1. Nf3 Nf6 2. d4 e6 3. Bg5 d5 4. e3 Be7 5. Nbd2 h6 6. Bh4 Nbd7 7. Bd3 O-O 8.
O-O b6 9. Re1 c5 10. c3 Bb7 11. a4 Qc7 12. Bg3 Bd6 13. Bxd6 Qxd6 14. a5 e5 15.
a6 Bc6 16. dxe5 Nxe5 17. Nxe5 Qxe5 18. f4 Qc7 19. Nf3 Rfe8 20. Ne5 Rad8 21. Qe2
c4 22. Bb1 Nd7 23. Nf3 Nc5 24. Nd4 Bd7 25. Qf3 Bc8 26. Qg3 g6 27. Qh4 Kg7 28.
f5 Ne4 29. Bc2 Bd7 30. Rf1 Qe5 31. fxg6 fxg6 32. Bxe4 dxe4 33. Rf2 Rf8 34. Raf1
Rxf2 35. Qxf2 Qe7 36. Qg3 Rc8 37. Rf5 Kh7 38. Re5 1-0

[Event "Julian Mazur Memorial"]
[Site "Wellington Chess Club"]
[Date "2023.07.20"]
[Round "1.16"]
[White "Farrington, Lawrence"]
[Black "Jackson, Ross"]
[Result "1/2-1/2"]
[WhiteElo "1506"]
[BlackElo "1925"]

1. d4 d5 2. c4 e6 3. Nc3 Nf6 4. Nf3 b6 5. Bg5 Bb7 6. cxd5 exd5 7. e3 Be7 8. Bd3
Nbd7 9. Rc1 O-O 10. O-O Re8 11. Re1 h6 12. Bxf6 Nxf6 13. Qc2 c6 14. a3 Bd6 15.
Rcd1 Qc7 16. h3 Rad8 17. Nd2 Qb8 18. e4 dxe4 19. Ncxe4 Nxe4 20. Bxe4 Qa8 21.
Nb3 Bf8 22. f3 Bd6 23. Re2 Bf4 24. Rde1 Bg3 25. Rd1 Rd6 26. Rdd2 g6 27. Bd3 Qd8
28. Rxe8+ Qxe8 29. Re2 Qd7 30. Qd2 Kg7 31. Bc4 h5 32. a4 Bc8 33. Qe3 Qf5 34.
Qe4 Qf6 35. Qe7 Be6 36. Qxf6+ Kxf6 37. Bxe6 Rxe6 38. Kf1 Rd6 39. Re4 a5 40. Ke2
Rd7 41. Kd3 Kg7 42. Kc3 Bd6 43. Kc4 Bb4 44. Re2 Kf6 45. Nc1 b5+ 46. axb5 cxb5+
47. Kxb5 Rxd4 48. Nb3 Rd5+ 49. Ka4 g5 50. Nc1 Bd2 51. Nb3 Bb4 52. Nc1 Bd2 53.
Nb3 1/2-1/2

[Event "Julian Mazur Memorial"]
[Site "Wellington Chess Club"]
[Date "2023.07.20"]
[Round "1.17"]
[White "Benitez, Edgar"]
[Black "Osborne, Geoff"]
[Result "1-0"]
[WhiteElo "1903"]
[BlackElo "1434"]

1. d4 Nf6 2. c4 g6 3. Nf3 Bg7 4. Bg5 O-O 5. e3 d6 6. Nc3 h6 7. Bh4 g5 8. Bg3
Nh5 9. Qc2 Nd7 10. Be2 Nxg3 11. hxg3 Re8 12. O-O-O c5 13. Bd3 Nf6 14. dxc5 Rb8
15. cxd6 exd6 16. Nb5 d5 17. Kb1 a6 18. Nc3 Be6 19. Nd4 Qc7 20. Nxe6 Rxe6 21.
cxd5 Rd6 22. e4 Ng4 23. Rd2 Bd4 24. Nd1 Qb6 25. f3 Ne3 26. Nxe3 Bxe3 27. Re2
Bd4 28. Rd1 Qa7 29. Bc4 Rc8 30. Qd3 Be5 31. f4 gxf4 32. gxf4 Bxf4 33. e5 Rdd8
34. a3 b5 35. Bb3 Rc5 36. e6 fxe6 37. Rxe6 Rd7 38. Qg6+ Kh8 39. Re8# 1-0

[Event "Julian Mazur Memorial"]
[Site "Wellington Chess Club"]
[Date "2023.07.20"]
[Round "1.18"]
[White "Ulm, Eric"]
[Black "Aldridge, Alan"]
[Result "1-0"]
[WhiteElo "1433"]
[BlackElo "1894"]

1. e4 e5 2. Nf3 Nc6 3. Bb5 Bc5 4. Nxe5 Nxe5 5. d4 Bd6 6. dxe5 Bxe5 7. Be3 Bxb2
8. Nd2 Bxa1 9. Qxa1 Nf6 10. Bg5 h6 11. Bh4 c6 12. e5 g5 13. exf6 gxh4 14. Qe5+
Kf8 15. Qd6+ Kg8 16. Bd3 Qf8 17. Qf4 d5 18. Qxh4 Qe8+ 19. Kd1 Kf8 20. Qg3 Rg8
21. Qd6+ 1-0

[Event "Julian Mazur Memorial"]
[Site "Wellington Chess Club"]
[Date "2023.07.20"]
[Round "1.19"]
[White "Moses, Christopher"]
[Black "Hupert, Leo"]
[Result "1-0"]
[WhiteElo "1879"]
[BlackElo "1350"]

1. e4 e5 2. Nc3 Nf6 3. f4 Nc6 4. fxe5 Nxe5 5. d4 Nc6 6. e5 Ng8 7. Nf3 h6 8. Bc4
Nge7 9. O-O d5 10. exd6 Nf5 11. Qe2+ Be6 12. Bxe6 Bxd6 13. Bxf5+ Ne7 14. Nd5
O-O 15. Nxe7+ Bxe7 16. c3 c5 17. Ne5 Bd6 18. Nxf7 Rxf7 19. Be6 Bxh2+ 20. Kxh2
Qh4+ 21. Kg1 cxd4 22. Bxf7+ Kh8 23. cxd4 Qxd4+ 24. Be3 Qe5 25. Rae1 Rc8 26. Bg6
Qg3 27. Bg5 Qxg5 28. Qe8+ Rxe8 29. Rxe8# 1-0

[Event "Julian Mazur Memorial"]
[Site "Wellington Chess Club"]
[Date "2023.07.20"]
[Round "1.20"]
[White "Joseph, Joji Chacko"]
[Black "Keith, Matthew"]
[Result "0-1"]
[WhiteElo "1305"]
[BlackElo "1855"]

1. e4 c5 2. Nf3 d6 3. d4 cxd4 4. Nxd4 Nf6 5. Nc3 a6 6. Bc4 e6 7. Be3 Qc7 8. Be2
b5 9. a3 Bb7 10. Qd3 Nbd7 11. Nb3 Be7 12. O-O-O O-O-O 13. Bd4 Nc5 14. Qe3 e5
15. Qh3+ Kb8 16. Nxc5 dxc5 17. Be3 Bc8 18. Qg3 h5 19. f4 h4 20. Qf2 Ng4 21.
Bxg4 Bxg4 22. Rd5 Be6 23. Rxe5 Bd6 24. Bxc5 Bxe5 25. fxe5 Qxe5 26. Ba7+ Ka8 27.
Qb6 Qd6 28. Qf2 Qc6 29. Bd4 f6 30. Rd1 Rd7 31. Rd3 Rhd8 32. Ne2 Bc4 33. Rc3
Qxe4 34. Re3 Rxd4 35. Nxd4 Qxd4 36. Qe1 Qf4 37. Kb1 0-1

[Event "Julian Mazur Memorial"]
[Site "Wellington Chess Club"]
[Date "2023.07.20"]
[Round "1.21"]
[White "Malcolm, Aidan"]
[Black "Tan, Jin"]
[Result "1-0"]
[WhiteElo "1831"]
[BlackElo "1236"]

1. e4 e5 2. Nf3 Nc6 3. Bc4 d6 4. d4 exd4 5. Nxd4 Ne5 6. Bb3 Nf6 7. Nc3 Be7 8.
Bf4 O-O 9. Qd2 h6 10. f3 Nc6 11. Nxc6 bxc6 12. g4 Nh7 13. O-O-O Ba6 14. Be3 Qd7
15. h4 Qd8 16. Qh2 g5 17. hxg5 Bxg5 18. f4 Bxf4 19. Bxf4 Qf6 20. Kb1 Ng5 21.
Qh5 Kg7 22. e5 dxe5 23. Ne4 Qg6 24. Bxe5+ Kg8 25. Qxg6# 1-0

[Event "Julian Mazur Memorial"]
[Site "Wellington Chess Club"]
[Date "2023.07.20"]
[Round "1.22"]
[White "Asher, Bruce"]
[Black "Pollock, Gavin"]
[Result "0-1"]
[WhiteElo "1206"]
[BlackElo "1825"]

1. e4 c5 2. Nc3 Nc6 3. Nf3 d6 4. Bc4 Nf6 5. d3 g6 6. a3 Bg7 7. O-O O-O 8. Bf4
a6 9. Re1 Nh5 10. Be3 Nd4 11. Ng5 h6 12. Bxf7+ Rxf7 13. Nxf7 Kxf7 14. Qd2 Bg4
15. Bxh6 Bxh6 16. Qxh6 Nxc2 17. f3 Be6 18. g4 Ng7 19. f4 Nxa1 20. f5 gxf5 21.
exf5 Bb3 22. g5 Qh8 23. Qg6+ Kf8 24. f6 exf6 25. Qxf6+ Kg8 26. Qxd6 Nc2 27. Re5
Qh5 28. Qf6 Rf8 29. Qb6 Qg4+ 30. Kh1 Rf1# 0-1

[Event "Julian Mazur Memorial"]
[Site "Wellington Chess Club"]
[Date "2023.07.20"]
[Round "1.23"]
[White "Ravi, Vrajesh"]
[Black "Saglam, Yigit"]
[Result "0-1"]
[WhiteElo "1102"]
[BlackElo "1775"]

1. e4 d6 2. Nf3 e5 3. Bc4 Be7 4. Nc3 Nf6 5. d3 Nc6 6. Bg5 Na5 7. Bb5+ c6 8. Bc4
Nxc4 9. dxc4 Be6 10. Bxf6 gxf6 11. O-O Bxc4 12. Ne2 Qb6 13. b3 Be6 14. Qc1
O-O-O 15. Qa3 Bg4 16. b4 Rhg8 17. h3 Bxh3 18. Qa5 Bxg2 19. Qxb6 Bxf3+ 20. Kh2
axb6 21. Rg1 Bxe2 22. Rxg8 Rxg8 23. Rg1 Rxg1 24. Kxg1 d5 25. Kg2 dxe4 0-1

[Event "Julian Mazur Memorial"]
[Site "Wellington Chess Club"]
[Date "2023.07.20"]
[Round "1.24"]
[White "de Maupeou d'Ableiges, Alexandre"]
[Black "Milsom, Marcel"]
[Result "1-0"]
[WhiteElo "1753"]
[BlackElo "1000"]

1. d4 Nf6 2. Bf4 d6 3. c4 Nc6 4. Nc3 e5 5. dxe5 dxe5 6. Qxd8+ Kxd8 7. O-O-O+
Bd7 8. Bg5 Be7 9. Bxf6 Bxf6 10. g3 Ke7 11. Nd5+ Ke6 12. Bh3+ Kd6 13. Nxf6+ Ke7
14. Nxd7 Rad8 15. Nf3 b6 16. Nfxe5 Nxe5 17. Nxe5 f6 18. Nc6+ Ke8 19. Rxd8+ Kf7
20. Rxh8 g5 21. Rd1 Kg7 22. Rd7+ Kh6 23. Rhxh7+ 1-0

[Event "Julian Mazur Memorial"]
[Site "Wellington Chess Club"]
[Date "2023.07.20"]
[Round "1.25"]
[White "Bohme, Alex"]
[Black "Coates, Alex"]
[Result "0-1"]
[WhiteElo "1000"]
[BlackElo "1745"]

1. e4 e6 2. d4 d5 3. exd5 exd5 4. c4 c6 5. Nc3 Nf6 6. Bg5 Be7 7. Nf3 O-O 8. Bd3
h6 9. Bxf6 Bxf6 10. O-O Bg4 11. h3 Bh5 12. Be2 dxc4 13. Bxc4 Bxf3 14. Qxf3 Qxd4
15. Bd3 Bg5 16. Rfe1 Qf4 17. Qxf4 Bxf4 18. Re4 Bg5 19. Rae1 Nd7 20. h4 Bf6 21.
R4e3 Nc5 22. Bc2 Bxh4 23. g3 Bf6 24. b4 Bxc3 25. Rxc3 Ne6 26. Bf5 Nd4 27. Be4
Rfe8 28. Rd3 Nc2 29. Rc1 Rxe4 30. Rxc2 Rxb4 31. Re2 a5 32. a3 Rb1+ 33. Kg2 0-1

[Event "Julian Mazur Memorial"]
[Site "Wellington Chess Club"]
[Date "2023.07.20"]
[Round "1.27"]
[White "He, Jacob"]
[Black "Hill, Ethan"]
[Result "0-1"]
[WhiteElo "889"]
[BlackElo "1642"]

1. e4 d5 2. exd5 Nf6 3. Nc3 e6 4. dxe6 Bxe6 5. Nf3 Bc5 6. d4 Bb6 7. Bg5 Qe7 8.
Bxf6 gxf6 9. Bb5+ c6 10. Ba4 Ba5 11. Qd2 Bxc3 12. Qxc3 Bb3+ 13. Kf1 Be6 14. Bb3
Nd7 15. Bxe6 fxe6 16. g3 O-O-O 17. Rd1 Nc5 18. b3 Ne4 19. Qe3 f5 20. h3 c5 21.
g4 cxd4 22. Rxd4 Rxd4 23. Nxd4 Qc5 24. Kg2 Qd5 25. Rd1 Nc3+ 26. Qf3 Qxf3+ 27.
Kxf3 fxg4+ 28. hxg4 Nxd1 29. Nxe6 b6 {and Black won} 0-1

[Event "Julian Mazur Memorial"]
[Site "Wellington Chess Club"]
[Date "2023.07.20"]
[Round "1.28"]
[White "Hill, Matthew"]
[Black "He, Zachary"]
[Result "1-0"]
[WhiteElo "1364"]
[BlackElo "1150"]

1. c4 Nf6 2. Nc3 g6 3. d4 Bg7 4. Nf3 d6 5. h3 O-O 6. e4 Nfd7 7. Bd3 c5 8. d5
Bxc3+ 9. bxc3 Ne5 10. O-O Nxf3+ 11. Qxf3 Qa5 12. Bc2 Nd7 13. Bf4 Nb6 14. Qd3
Na4 15. Bxa4 Qxa4 16. Bh6 Re8 17. f4 e6 18. g4 exd5 19. exd5 Bd7 20. f5 b5 21.
Rf4 bxc4 22. Rxc4 Bb5 23. fxg6 Bxc4 24. gxf7+ Kxf7 25. Qxh7+ Kf6 26. Qg7# 1-0

[Event "Julian Mazur Memorial"]
[Site "Wellington Chess Club"]
[Date "2023.07.27"]
[Round "2.1"]
[White "Forster, Bill"]
[Black "Croad, Nicolas"]
[Result "0-1"]
[WhiteElo "2016"]
[BlackElo "2423"]
[WhiteFideId "4301358"]
[BlackFideId "4300793"]
[PlyCount "0"]
[EventDate "2023.07.20"]
[SourceDate ""]

1. e4 e5 2. Nf3 Nc6 3. Bb5 a6 4. Ba4 Nf6 5. O-O Be7 6. Re1 b5 7. Bb3 O-O 8. a4
b4 9. c3 d5 10. exd5 Nxd5 11. Nxe5 Nxe5 12. Rxe5 Bb7 13. Qf3 Bd6 14. Bxd5 Bxd5
15. Rxd5 Re8 16. Kf1 Qe7 17. Qd1 Qe6 18. Rh5 Bf4 19. cxb4 Qc4+ 20. Kg1 Re6 21.
Ra3 Qc2 22. Qf1 Rae8 23. Re3 Bxe3 24. dxe3 Qxb1 25. Rd5 Qa2 26. Qd1 Rc6 27. h3
Rxc1 0-1